000 00624nam a22002297a 4500
003 UA-OsUOA
001 46129
007 ta
008 20070604b un ||||| |||| 00| 0 ukr d
090 _a159.9(031)
_bП86
942 _cBK
040 _aUA-OsUOA
_bukr
_cUA-OsUOA
_dUA-OsUOA
245 _aПсихологічна енциклопедія
_cАвтор-упоряд. О.М. Степанов
300 _a424 с.
955 _a2
041 _aukr
080 _a159.9(031)
020 _a966-8226-30-5
260 _aК.
_b"Академвидав"
_c2006
650 7 _a159.9 Психологія
_2UDC
999 _c332230
_d332230